| 000 | 00415nam a2200157Ia 4500 | ||
|---|---|---|---|
| 008 | 230917s9999||||xx |||||||||||||| ||und|| | ||
| 040 |
_e42433 _aMAIN |
||
| 041 | _aEnglish | ||
| 082 | _a820.9 S48C | ||
| 100 | _aSampson, George | ||
| 245 | 0 | _aConcise Cambridge history of English literature | |
| 250 | _a3rd ed. | ||
| 260 |
_aCambridge _bCambridge University Press _c1970 |
||
| 300 | _axiii, 976 p. | ||
| 942 | _cBK | ||
| 999 |
_c58657 _d58657 |
||